Gemeinden Ostfrieslands - Statistiken

Allgemein
  • Dieses Quiz wurde 164 mal gespielt
  • Das Durchschnittsergebnis liegt bei 13 aus 63
Antworten auf der Karte
Die Antworten werden auf der Karte rot bzw. grün angezeigt, abhängig davon wie oft sie richtig erraten wurden.
 
Antwortstatistiken
Antwort % Korrekt
Wittmund
57%
Borkum
56%
Emden
53%
Baltrum
46%
Aurich
43%
Norderney
43%
Norden
41%
Juist
38%
Leer
38%
Spiekeroog
38%
Krummhörn
36%
Langeoog
36%
Großefehn
30%
Dornum
27%
Bunde
26%
Esens
26%
Ostrhauderfehn
25%
Wiesmoor
23%
Friedeburg
22%
Weener
22%
Hinte
21%
Jemgum
21%
Moormerland
21%
Südbrookmerland
21%
Ihlow
20%
Großheide
17%
Hage
17%
Rhauderfehn
17%
Westoverledingen
17%
Hesel
16%
Marienhafe
16%
Neuharlingersiel
16%
Westerholt
16%
Firrel
15%
Uplengen
15%
Hagermarsch
14%
Eversmeer
12%
Halbemond
12%
Lütetsburg
12%
Rechtsupweg
12%
Schwerinsdorf
12%
Wirdum
12%
Holtland
11%
Osteel
11%
Berumbur
10%
Blomberg
10%
Filsum
10%
Holtgast
10%
Upgant-Schott
10%
Werdum
10%
Brinkum
9%
Nenndorf
9%
Neukamperfehn
9%
Neuschoo
9%
Nortmoor
9%
Detern
7%
Leezdorf
7%
Stedesdorf
7%
Utarp
7%
Dunum
6%
Schweindorf
6%
Moorweg
5%
Ochtersum
5%
Keine übereinstimmenden Quizze gefunden
Verteilung der Resultate
Anzahl Personen mit jedem Resultat
Perzentil nach korrekt beantworteten Fragen
Ihre Resultats-Entwicklung
Sie haben dieses Quiz noch nicht gespielt